[Event "Pere Noel"]
[Site "Montreal CAN"]
[Date "1997.12.26"]
[Round "1"]
[White "Charest, Johanne"]
[Black "Pnevmonidis, Pantelis"]
[Result "1-0"]
[WhiteElo "1887"]
[BlackElo "2100"]
[PlyCount "113"]
[GameId "2160767911874278"]
[EventDate "1997.12.26"]
[EventType "swiss"]
[EventRounds "5"]
[EventCountry "CAN"]

1. e4 e6 2. d4 d5 3. e5 c5 4. c3 Nc6 5. Nf3 Bd7 6. Bd3 Qb6 7. O-O cxd4 8. cxd4 Nxd4 9. Nxd4 Qxd4 10. Nc3 a6 11. Qe2 Ne7 12. Kh1 Nc6 13. f4 Nb4 14. Bb1 Qc4 15. Qxc4 dxc4 16. Be4 Bc6 17. Bxc6+ Nxc6 18. Be3 Bb4 19. Ne4 O-O 20. Rac1 b5 21. b3 Ba3 22. Rc3 Bb2 23. Rc2 Bd4 24. Bd2 c3 25. Bxc3 Bxc3 26. Rxc3 Nb4 27. a3 Nd5 28. Rcc1 Rfc8 29. g3 Ne3 30. Nd6 Nxf1 31. Nxc8 Nd2 32. Nd6 Nxb3 33. Rc7 Na5 34. Nxf7 Nc4 35. Ng5 Re8 36. Rc6 Nxa3 37. Rxa6 b4 38. Rb6 Nc2 39. Nxe6 Rc8 40. Rb7 g6 41. Ng5 Ne3 42. Kg1 Rc1+ 43. Kf2 Ng4+ 44. Ke2 Rc2+ 45. Kd3 Rc3+ 46. Kd4 Nxh2 47. Rb8+ Kg7 48. Rb7+ Kg8 49. Rxb4 Rxg3 50. Rb8+ Kg7 51. Rb7+ Kg8 52. e6 Ng4 53. Rb8+ Kg7 54. Ne4 Re3 55. e7 Rxe4+ 56. Kxe4 Nf6+ 57. Ke5 1-0

[Event "Pere Noel"]
[Site "Montreal CAN"]
[Date "1997.12.28"]
[Round "3"]
[White "Fillion, Steve"]
[Black "Charest, Johanne"]
[Result "1-0"]
[WhiteElo "2098"]
[BlackElo "1887"]
[PlyCount "78"]
[GameId "2160767911874287"]
[EventDate "1997.12.26"]
[EventType "swiss"]
[EventRounds "5"]
[EventCountry "CAN"]

1. d4 d5 2. Nf3 c5 3. e3 Nc6 4. c4 e6 5. Nc3 Nf6 6. cxd5 exd5 7. Be2 a6 8. O-O Bd6 9. b3 O-O 10. dxc5 Bxc5 11. Bb2 Bg4 12. Rc1 Bd6 13. Kh1 Ne4 14. Qxd5 Bxf3 15. Bxf3 Qh4 16. h3 Nxf2+ 17. Kg1 Nxh3+ 18. gxh3 Qg3+ 19. Bg2 Qh2+ 20. Kf2 Rad8 21. Rh1 Qg3+ 22. Ke2 Rfe8 23. Be4 Ba3 24. Qf5 Bxb2 25. Qxh7+ Kf8 26. Rcg1 Qe5 27. Qh8+ Ke7 28. Qh4+ Kd7 29. Na4 Ba3 30. Bxc6+ bxc6 31. Nb6+ Kc7 32. Nc4 Qc3 33. Qf4+ Kb7 34. Nxa3 Qd2+ 35. Kf3 Qd5+ 36. Kg3 Rd6 37. Kh2 Qd2+ 38. Rg2 Qd5 39. Nc4 Rf6 1-0

[Event "Pere Noel"]
[Site "Montreal CAN"]
[Date "1997.12.28"]
[Round "3"]
[White "Rousseau, Daniel"]
[Black "McDonough, Jonathan"]
[Result "1/2-1/2"]
[WhiteElo "2036"]
[BlackElo "1956"]
[PlyCount "71"]
[GameId "2160767911874291"]
[EventDate "1997.12.26"]
[EventType "swiss"]
[EventRounds "5"]
[EventCountry "CAN"]
[SourceTitle "hb 2011"]

1. e4 c6 2. d4 d5 3. Nc3 dxe4 4. Nxe4 Bf5 5. Ng3 Bg6 6. Nh3 Nd7 7. Nf4 Ngf6 8. h4 e5 9. Qe2 Be7 10. dxe5 Qa5+ 11. Bd2 Qxe5 12. O-O-O Qxe2 13. Bxe2 Bd6 14. h5 Be4 15. f3 Bd5 16. Nf5 Bxf4 17. Bxf4 O-O 18. c4 Be6 19. Nd4 Rfe8 20. g4 Nf8 21. g5 N6d7 22. Bd6 f6 23. f4 Bf7 24. Rde1 Ne6 25. Nf5 fxg5 26. fxg5 Nxg5 27. h6 Ne4 28. hxg7 Nxd6 29. Nxd6 Re7 30. Bd3 Rxe1+ 31. Rxe1 Nc5 32. Bc2 Rd8 33. Nxf7 Kxf7 34. Rg1 Rg8 35. b4 Nd7 36. Bxh7 1/2-1/2

[Event "Pere Noel"]
[Site "Montreal CAN"]
[Date "1997.12.29"]
[Round "4"]
[White "Fillion, Steve"]
[Black "Schleifer, Michael"]
[Result "1-0"]
[WhiteElo "2098"]
[BlackElo "2363"]
[PlyCount "81"]
[GameId "2160767911874294"]
[EventDate "1997.12.26"]
[EventType "swiss"]
[EventRounds "5"]
[EventCountry "CAN"]

1. d4 g6 2. Nf3 Bg7 3. c4 Nf6 4. Nc3 O-O 5. e4 d6 6. h3 e5 7. dxe5 dxe5 8. Qxd8 Rxd8 9. Bg5 Re8 10. O-O-O Nc6 11. Nd5 Nxd5 12. cxd5 Nd4 13. Nxd4 exd4 14. Bd3 Bd7 15. Kb1 c6 16. dxc6 Bxc6 17. f3 a5 18. Rc1 a4 19. Bf4 Rad8 20. Rc2 Be5 21. Bxe5 Rxe5 22. Rhc1 Kg7 23. Rc5 Kf6 24. g3 Rde8 25. Rxe5 Rxe5 26. Rc4 Rh5 27. h4 g5 28. Rc5 Kg6 29. Rxg5+ Rxg5 30. hxg5 Kxg5 31. Kc2 h5 32. b4 h4 33. gxh4+ Kxh4 34. b5 Bd7 35. b6 Kg3 36. Bc4 Be6 37. Bd5 Bc8 38. Kd3 Kxf3 39. Kxd4 Kf4 40. Bxf7 a3 41. Bd5 1-0

[Event "Pere Noel"]
[Site "Montreal CAN"]
[Date "1997.12.29"]
[Round "4"]
[White "Solunac, Sasha"]
[Black "Charest, Johanne"]
[Result "1-0"]
[WhiteElo "1954"]
[BlackElo "1887"]
[PlyCount "45"]
[GameId "2160767911874298"]
[EventDate "1997.12.26"]
[EventType "swiss"]
[EventRounds "5"]
[EventCountry "CAN"]

1. d4 d5 2. c4 e6 3. Nc3 c5 4. cxd5 cxd4 5. Qxd4 Nc6 6. Qd1 exd5 7. Nxd5 Qa5+ 8. Nc3 Bf5 9. Bd2 Rd8 10. e4 Be6 11. Nd5 Bb4 12. Nxb4 Nxb4 13. Nf3 Bg4 14. Qb3 Rxd2 15. Nxd2 Be6 16. Bc4 Bxc4 17. Qxc4 Ne7 18. O-O O-O 19. Rac1 Nbc6 20. Rfd1 Qe5 21. Qc3 Qe6 22. a3 h6 23. Qb3 1-0

[Event "Prairie-ch U16"]
[Site "CAN"]
[Date "1997.??.??"]
[Round "1"]
[White "Chin, Garrett"]
[Black "Lipnowski, Samuel"]
[Result "1-0"]
[WhiteElo "1887"]
[BlackElo "1697"]
[PlyCount "61"]
[GameId "2160767912007958"]
[EventDate "1997.??.??"]
[EventType "match"]
[EventRounds "2"]
[EventCountry "CAN"]
[SourceTitle "EXT 2002"]
[Source "ChessBase"]
[SourceDate "2001.11.25"]
[SourceVersion "1"]
[SourceVersionDate "2001.11.25"]
[SourceQuality "1"]

1. d4 Nf6 2. Bg5 e6 3. e3 Be7 4. Nf3 b6 5. Bd3 Bb7 6. Nbd2 O-O 7. c3 d5 8. Qe2 Nbd7 9. Ne5 c5 10. Ndf3 Rc8 11. O-O Ne4 12. Nxd7 Qxd7 13. Ne5 Qc7 14. Bf4 Bd6 15. f3 Nf6 16. Rae1 Rfe8 17. Qf2 cxd4 18. exd4 Qe7 19. Qh4 Rcd8 20. g4 h5 21. Bg5 Rc8 22. Kh1 Bc7 23. Rg1 Bd8 24. Bxf6 Qxf6 25. g5 Qe7 26. Qxh5 g6 27. Bxg6 fxg6 28. Qxg6+ Kf8 29. Rg4 Qg7 30. Rf4+ Kg8 31. Qxe8+ 1-0

[Event "Prairie-ch U16"]
[Site "CAN"]
[Date "1997.??.??"]
[Round "2"]
[White "Lipnowski, Samuel"]
[Black "Chin, Garrett"]
[Result "0-1"]
[WhiteElo "1697"]
[BlackElo "1887"]
[PlyCount "108"]
[GameId "2160767912007959"]
[EventDate "1997.??.??"]
[EventType "match"]
[EventRounds "2"]
[EventCountry "CAN"]
[SourceTitle "EXT 2002"]
[Source "ChessBase"]
[SourceDate "2001.11.25"]
[SourceVersion "1"]
[SourceVersionDate "2001.11.25"]
[SourceQuality "1"]

1. e4 d6 2. d4 g6 3. Nc3 Bg7 4. Nf3 Nf6 5. Bg5 h6 6. Bf4 O-O 7. Qd2 Kh7 8. O-O-O Nbd7 9. h4 Ng4 10. Kb1 e5 11. Bg3 Re8 12. Bc4 f6 13. h5 g5 14. Bf7 Rf8 15. Bg6+ Kh8 16. Rhe1 Nb6 17. Qe2 Qe7 18. dxe5 fxe5 19. Nd5 Nxd5 20. exd5 Nf6 21. Nd4 Nxd5 22. Qe4 Nf4 23. Bxf4 Rxf4 24. Qe2 Qf6 25. Nb3 Bg4 26. f3 e4 27. c3 exf3 28. gxf3 Bxf3 29. Qb5 Bxd1 30. Rxd1 Rf8 31. Nd2 b6 32. Bc2 Qe7 33. Qd3 Be5 34. Re1 Qg7 35. a3 g4 36. Rg1 R8f5 37. Qb5 Rf8 38. Qd3 c6 39. Nc4 Qf7 40. Nxe5 dxe5 41. Rd1 Rf1 42. Bb3 Rxd1+ 43. Bxd1 Qf5 44. Qxf5 Rxf5 45. Bxg4 Rg5 46. Be2 Rg2 47. Bd3 Kg7 48. Be4 c5 49. b4 Rh2 50. Bg6 Kf6 51. Kc1 Kg5 52. bxc5 bxc5 53. Kd1 Rxh5 54. Bxh5 Kxh5 0-1

[Event "Premiere Neige"]
[Site "Montreal CAN"]
[Date "1997.11.28"]
[Round "1"]
[White "Fortin, Marc"]
[Black "Rousseau, Daniel"]
[Result "1/2-1/2"]
[WhiteElo "1710"]
[BlackElo "2027"]
[PlyCount "84"]
[GameId "2160767911874347"]
[EventDate "1997.11.28"]
[EventType "swiss"]
[EventRounds "5"]
[EventCountry "CAN"]
[SourceTitle "hb 2011"]

1. e4 e5 2. Nf3 Nc6 3. Bc4 Nf6 4. Ng5 d5 5. exd5 Na5 6. Bb5+ c6 7. dxc6 bxc6 8. Qf3 Rb8 9. Bd3 h6 10. Ne4 Nd5 11. a3 Nf4 12. b4 Nxd3+ 13. Qxd3 Qxd3 14. cxd3 Nb3 15. Bb2 Nxa1 16. Bxa1 f6 17. d4 exd4 18. Bxd4 a5 19. Bc3 Ba6 20. f3 f5 21. Ng3 c5 22. Kf2 Bd3 23. Nh5 axb4 24. Be5 Rb7 25. Nf4 Ba6 26. Ng6 Rg8 27. Nxf8 Rxf8 28. Bd6 Rf6 29. Re1+ Kf7 30. Bxc5 bxa3 31. Bxa3 Rb3 32. Bc5 Rb2 33. Bd4 Rfb6 34. Bxb6 Rxb6 35. Nc3 Rb2 36. Ke3 f4+ 37. Kxf4 Rxd2 38. Kg3 Rc2 39. Ne4 Bd3 40. Nd6+ Kg6 41. Ne8 Re2 42. Rxe2 Bxe2 1/2-1/2

[Event "Premiere Neige"]
[Site "Montreal CAN"]
[Date "1997.11.29"]
[Round "2"]
[White "Rousseau, Daniel"]
[Black "Hudon, Paul"]
[Result "1-0"]
[WhiteElo "2027"]
[BlackElo "1978"]
[PlyCount "91"]
[GameId "2160767911874349"]
[EventDate "1997.11.28"]
[EventType "swiss"]
[EventRounds "5"]
[EventCountry "CAN"]
[SourceTitle "hb 2011"]

1. e4 e5 2. Nf3 Nc6 3. Bb5 a6 4. Ba4 Nf6 5. O-O Be7 6. Re1 b5 7. Bb3 d6 8. c3 O-O 9. h3 Na5 10. Bc2 c5 11. d4 Qc7 12. Nbd2 cxd4 13. cxd4 Bb7 14. d5 Bc8 15. Nf1 Bd7 16. b3 Rfc8 17. Ne3 Nb7 18. Bb2 Nc5 19. Nd2 Qb7 20. Rb1 a5 21. a4 Na6 22. Ba3 Nb4 23. Bxb4 axb4 24. axb5 Bxb5 25. Ra1 Nd7 26. Qg4 Nf6 27. Qf3 Rc3 28. Qd1 Rxa1 29. Qxa1 Rc8 30. Qb1 Qa6 31. Ndc4 Ra8 32. Bd3 Nd7 33. Nb2 Bxd3 34. Nxd3 Nc5 35. Nxb4 Qb6 36. Nc6 Bf8 37. b4 Nd7 38. b5 Ra4 39. Rc1 g6 40. Nc4 Qb7 41. N6a5 Qb8 42. b6 Nc5 43. Nc6 Qa8 44. N4a5 Rxa5 45. Nxa5 Qxa5 46. Rxc5 1-0

[Event "Premiere Neige"]
[Site "Montreal CAN"]
[Date "1997.11.29"]
[Round "3"]
[White "Filion, Charles"]
[Black "Rousseau, Daniel"]
[Result "0-1"]
[WhiteElo "2178"]
[BlackElo "2027"]
[PlyCount "58"]
[GameId "2160767911874350"]
[EventDate "1997.11.28"]
[EventType "swiss"]
[EventRounds "5"]
[EventCountry "CAN"]
[SourceTitle "hb 2011"]

1. e4 e5 2. Nf3 Nc6 3. Bb5 a6 4. Ba4 Nf6 5. O-O b5 6. Bb3 Bc5 7. Nxe5 Nxe5 8. d4 Bxd4 9. Qxd4 d6 10. f4 c5 11. Qc3 Nc6 12. e5 Nd7 13. e6 Nf6 14. exf7+ Kf8 15. a4 Rb8 16. axb5 axb5 17. Nd2 c4 18. Nf3 Ng4 19. h3 Qb6+ 20. Kh1 Nf2+ 21. Rxf2 Qxf2 22. Kh2 Qb6 23. Be3 Qb7 24. Nd4 Ne7 25. Ra7 Qe4 26. Rxe7 Kxe7 27. Nc6+ Qxc6 28. Qxg7 Rf8 29. f5 Bb7 0-1

[Event "Premiere Neige"]
[Site "Montreal CAN"]
[Date "1997.11.30"]
[Round "4"]
[White "Hua, Lefong"]
[Black "Rousseau, Daniel"]
[Result "1-0"]
[WhiteElo "2184"]
[BlackElo "2027"]
[PlyCount "59"]
[GameId "2160767911874352"]
[EventDate "1997.11.28"]
[EventType "swiss"]
[EventRounds "5"]
[EventCountry "CAN"]
[SourceTitle "hb 2011"]

1. d4 Nf6 2. c4 g6 3. Nc3 Bg7 4. e4 d6 5. f4 O-O 6. Nf3 c5 7. d5 e6 8. Be2 exd5 9. cxd5 b5 10. e5 dxe5 11. fxe5 Ng4 12. Bg5 f6 13. exf6 Bxf6 14. Bxf6 Qxf6 15. Qd2 b4 16. Nb5 a6 17. Nc7 Ra7 18. d6 Rd8 19. Rd1 Nc6 20. Qd5+ Kh8 21. Qxc6 Ne3 22. Nd5 Nxg2+ 23. Kf2 Qe6 24. Qxc5 Rf7 25. Qd4+ Kg8 26. Ne7+ Rxe7 27. Bc4 Ne3 28. Bxe6+ Rxe6 29. Qxe3 Rxe3 30. Kxe3 1-0

[Event "Quebec op"]
[Site "Montreal CAN"]
[Date "1997.07.26"]
[Round "1"]
[White "Cormos, Eugene"]
[Black "Pnevmonidis, Pantelis"]
[Result "1-0"]
[WhiteElo "2083"]
[BlackElo "1991"]
[PlyCount "91"]
[GameId "2160767911932275"]
[EventDate "1997.07.26"]
[EventType "swiss"]
[EventRounds "9"]
[EventCountry "CAN"]

1. e4 e5 2. Nf3 Nc6 3. Bc4 Bc5 4. c3 Nf6 5. O-O Bb6 6. d4 Qe7 7. Bb5 O-O 8. Bg5 d6 9. Re1 h6 10. Bh4 Bg4 11. Qd3 Rad8 12. Nbd2 Kh8 13. a4 a5 14. Nc4 g5 15. Nxg5 hxg5 16. Bxg5 Rg8 17. Bh4 exd4 18. Bxc6 bxc6 19. e5 dxe5 20. Rxe5 Be6 21. Rh5+ Nxh5 22. Bxe7 Rxg2+ 23. Kh1 Bd5 24. f3 Rdg8 25. Qf5 R8g6 26. Qxh5+ Kg7 27. Bf6+ Rxf6 28. Kxg2 Bxc4 29. Qe5 dxc3 30. bxc3 Bd5 31. Kg3 Bc5 32. f4 Bd6 33. Qd4 Kg6 34. Rf1 Rf5 35. h4 c5 36. Qh8 c4 37. Qg8+ Kh6 38. Qh8+ Kg6 39. Kg4 Be6 40. Qg8+ Kh6 41. Kg3 Rd5 42. Qh8+ Kg6 43. Rf3 Rf5 44. Qd4 Rh5 45. Kg2 Rf5 46. Rg3+ 1-0

[Event "Quebec op"]
[Site "Montreal CAN"]
[Date "1997.07.26"]
[Round "1"]
[White "Courval, Francois"]
[Black "Desjardins, Andre"]
[Result "1/2-1/2"]
[WhiteElo "1960"]
[BlackElo "2055"]
[PlyCount "72"]
[GameId "2160767911932276"]
[EventDate "1997.07.26"]
[EventType "swiss"]
[EventRounds "9"]
[EventCountry "CAN"]
[SourceTitle "EXT 97"]
[Source "ChessBase"]
[SourceDate "1997.11.17"]
[SourceVersion "1"]
[SourceVersionDate "1997.11.17"]
[SourceQuality "1"]

1. e4 c5 2. Nf3 Nc6 3. d4 cxd4 4. Nxd4 Nf6 5. Nc3 e5 6. Ndb5 d6 7. Bg5 a6 8. Bxf6 gxf6 9. Na3 f5 10. Bd3 Rg8 11. Nd5 Rxg2 12. Nc4 f4 13. Ncb6 Rb8 14. c3 Qh4 15. Qf3 Rg6 16. Nxc8 Rxc8 17. Kd2 Bh6 18. Bf1 Ne7 19. Bh3 Rc5 20. b4 Rc6 21. Nxe7 Kxe7 22. Bf5 Rg2 23. Raf1 Rxh2 24. Rxh2 Qxh2 25. Rh1 Qg2 26. Bg4 Qxf3 27. Bxf3 Bg7 28. Rxh7 Kf6 29. Rh1 Rc8 30. a4 Ke7 31. Rh7 Kf6 32. Bg4 Rd8 33. Bf3 Kg6 34. Rh1 Bf8 35. Bh5+ Kf6 36. Bf3 Bg7 1/2-1/2

[Event "Quebec op"]
[Site "Montreal CAN"]
[Date "1997.07.26"]
[Round "1"]
[White "Delisle, Claude"]
[Black "Fontaine, Jacques"]
[Result "1-0"]
[WhiteElo "1926"]
[BlackElo "2024"]
[PlyCount "111"]
[GameId "2160767911932277"]
[EventDate "1997.07.26"]
[EventType "swiss"]
[EventRounds "9"]
[EventCountry "CAN"]
[SourceTitle "EXT 97"]
[Source "ChessBase"]
[SourceDate "1997.11.17"]
[SourceVersion "1"]
[SourceVersionDate "1997.11.17"]
[SourceQuality "1"]

1. e4 e5 2. Nf3 d6 3. d4 Nd7 4. c4 Ngf6 5. Nc3 Be7 6. Bd3 O-O 7. O-O c6 8. Re1 Qc7 9. h3 Re8 10. d5 a5 11. Be3 Nc5 12. Rc1 Bd7 13. Bb1 Rac8 14. Nd2 cxd5 15. cxd5 a4 16. Qf3 Qb6 17. Nc4 Qb4 18. Qe2 b5 19. Nb6 Rb8 20. a3 Qa5 21. Nxd7 Nfxd7 22. Na2 Nb3 23. Rc6 Qd8 24. Bd3 Na5 25. Rc3 Nf6 26. Rec1 Nb3 27. Rd1 Qd7 28. Nb4 Rb7 29. Nc6 Bd8 30. f3 Nd4 31. Qf1 Bb6 32. Kh2 Bc5 33. Bxd4 exd4 34. Rc2 Reb8 35. Nxb8 Rxb8 36. f4 h6 37. Qf3 Rc8 38. Re2 Kf8 39. Bb1 Qb7 40. Ba2 b4 41. axb4 Qxb4 42. e5 Nh7 43. e6 Nf6 44. g4 Qb7 45. g5 Ng8 46. h4 fxe6 47. Rxe6 Qxb2+ 48. Re2 Qb7 49. Rde1 Qf7 50. Bb1 Rb8 51. Re6 Rxb1 52. Rxb1 Qf5 53. Rb8+ Kf7 54. g6+ Qxg6 55. Rxg6 Kxg6 56. Rxg8 1-0

[Event "Quebec op"]
[Site "Montreal CAN"]
[Date "1997.07.26"]
[Round "1"]
[White "Gagnon, Michel"]
[Black "Rousseau, Daniel"]
[Result "0-1"]
[WhiteElo "2059"]
[BlackElo "1967"]
[PlyCount "116"]
[GameId "2160767911932278"]
[EventDate "1997.07.26"]
[EventType "swiss"]
[EventRounds "9"]
[EventCountry "CAN"]
[SourceTitle "EXT 97"]
[Source "ChessBase"]
[SourceDate "1997.11.17"]
[SourceVersion "1"]
[SourceVersionDate "1997.11.17"]
[SourceQuality "1"]

1. d4 Nf6 2. Nf3 g6 3. Bg5 Bg7 4. Nbd2 c5 5. e3 cxd4 6. exd4 Qb6 7. Nc4 Qe6+ 8. Be2 d5 9. Nce5 Ne4 10. Bf4 O-O 11. O-O Qf5 12. Be3 Nc6 13. c4 Nxe5 14. Nxe5 dxc4 15. Bxc4 Nd6 16. Bb3 Be6 17. Re1 Rfd8 18. f4 Bxb3 19. Qxb3 Rac8 20. Rac1 Qe4 21. Kh1 e6 22. Nf3 Nf5 23. Bd2 Rxc1 24. Bxc1 Qd5 25. Qa4 a6 26. Rd1 h5 27. b3 Bf6 28. Bb2 h4 29. Qc4 Qe4 30. Qd3 Qxf4 31. Bc1 Qg4 32. h3 Qg3 33. Qe4 Qc7 34. Bf4 Qd7 35. Kh2 Qd5 36. Qe2 Qd7 37. Be5 Be7 38. Qe4 Qd5 39. Qf4 f6 40. Bc7 g5 41. Qg4 Rc8 42. Bf4 Qe4 43. Bd2 Bd6+ 44. Kg1 Qxg4 45. hxg4 Ne7 46. Re1 Kf7 47. Bxg5 Bg3 48. Rf1 fxg5 49. Nxg5+ Kg6 50. Nxe6 Nd5 51. Nc5 Re8 52. Nxb7 Re2 53. Nc5 Ne3 54. Rc1 Rxg2+ 55. Kh1 Rh2+ 56. Kg1 Nxg4 57. Nd3 Rd2 58. Rc6+ Kf5 0-1

[Event "Quebec op"]
[Site "Montreal CAN"]
[Date "1997.07.26"]
[Round "1"]
[White "Gladu, Pierre"]
[Black "Clement, Michel"]
[Result "1-0"]
[WhiteElo "2099"]
[BlackElo "1997"]
[PlyCount "59"]
[GameId "2160767911932279"]
[EventDate "1997.07.26"]
[EventType "swiss"]
[EventRounds "9"]
[EventCountry "CAN"]
[SourceTitle "EXT 97"]
[Source "ChessBase"]
[SourceDate "1997.11.17"]
[SourceVersion "1"]
[SourceVersionDate "1997.11.17"]
[SourceQuality "1"]

1. e4 c5 2. Nf3 d6 3. d4 cxd4 4. Nxd4 Nf6 5. Nc3 a6 6. Be2 e5 7. Nb3 Be7 8. Be3 Be6 9. Qd2 Nc6 10. f4 exf4 11. Bxf4 Ne5 12. O-O-O O-O 13. Nd4 Rc8 14. Nf5 Bxf5 15. exf5 Qc7 16. g4 b5 17. a3 Nc4 18. Bxc4 Qxc4 19. Rhe1 Rfe8 20. g5 Nh5 21. Re4 Qc5 22. Rxe7 Rxe7 23. Bxd6 Qa7 24. Bxe7 Qxe7 25. Nd5 Qe4 26. f6 Re8 27. Ne7+ Kh8 28. Re1 Qa8 29. Qe2 Rd8 30. Qxh5 1-0

[Event "Quebec op"]
[Site "Montreal CAN"]
[Date "1997.07.26"]
[Round "1"]
[White "Goldenberg, Danny"]
[Black "Vera, Reynaldo"]
[Result "0-1"]
[WhiteElo "2272"]
[BlackElo "2530"]
[PlyCount "68"]
[GameId "2160767911932280"]
[EventDate "1997.07.26"]
[EventType "swiss"]
[EventRounds "9"]
[EventCountry "CAN"]
[SourceTitle "EXT 97"]
[Source "ChessBase"]
[SourceDate "1997.11.17"]
[SourceVersion "1"]
[SourceVersionDate "1997.11.17"]
[SourceQuality "1"]

1. d4 d5 2. Nc3 Nf6 3. Bg5 Nbd7 4. Nf3 g6 5. e3 Bg7 6. Bd3 O-O 7. O-O c5 8. b3 b6 9. e4 dxe4 10. Nxe4 Bb7 11. Re1 cxd4 12. Nxf6+ Nxf6 13. Qe2 e6 14. Rad1 Qd6 15. Ba6 Bxf3 16. Qxf3 Nd5 17. Bb7 Rae8 18. Bc1 Qc5 19. Bb2 Rd8 20. Bxd5 Rxd5 21. Qd3 Rfd8 22. g3 e5 23. Kg2 f5 24. f3 Qc6 25. Re2 Bf6 26. h3 Rc5 27. g4 e4 28. fxe4 fxe4 29. Qg3 Rxc2 30. Rxc2 Qxc2+ 31. Qf2 Qxd1 32. Qxf6 Qf3+ 33. Qxf3 exf3+ 34. Kxf3 d3 0-1

[Event "Quebec op"]
[Site "Montreal CAN"]
[Date "1997.07.26"]
[Round "1"]
[White "Groleau, Gilles"]
[Black "Grondin, Jean-Philippe"]
[Result "0-1"]
[WhiteElo "1995"]
[BlackElo "2093"]
[PlyCount "71"]
[GameId "2160767911932281"]
[EventDate "1997.07.26"]
[EventType "swiss"]
[EventRounds "9"]
[EventCountry "CAN"]
[SourceTitle "EXT 97"]
[Source "ChessBase"]
[SourceDate "1997.11.17"]
[SourceVersion "1"]
[SourceVersionDate "1997.11.17"]
[SourceQuality "1"]

1. e4 e5 2. Nf3 Nc6 3. Bb5 Nf6 4. Qe2 Be7 5. O-O d6 6. c3 O-O 7. d4 Bg4 8. d5 Nb8 9. Bd3 Nbd7 10. Be3 Nxe4 11. Bxe4 f5 12. Bc2 e4 13. Nbd2 Ne5 14. Kh1 Qe8 15. Bd4 Qh5 16. Bxe5 dxe5 17. Bxe4 fxe4 18. Qxe4 Bd6 19. Ng1 Rae8 20. g3 Bc5 21. f3 Qh6 22. Nb3 Bf5 23. Qe2 Bd6 24. Qd2 e4 25. Qxh6 gxh6 26. f4 e3 27. Ne2 Be4+ 28. Kg1 Be7 29. Rfd1 Bf3 30. Kf1 a6 31. Ke1 h5 32. Rd3 h4 33. Na5 hxg3 34. hxg3 Rf5 35. Nc4 Rh5 36. Rd4 0-1

[Event "Quebec op"]
[Site "Montreal CAN"]
[Date "1997.07.26"]
[Round "1"]
[White "Hua, Lefong"]
[Black "Murey, Jacob"]
[Result "1/2-1/2"]
[WhiteElo "2211"]
[BlackElo "2440"]
[PlyCount "98"]
[GameId "2160767911932284"]
[EventDate "1997.07.26"]
[EventType "swiss"]
[EventRounds "9"]
[EventCountry "CAN"]
[SourceTitle "EXT 97"]
[Source "ChessBase"]
[SourceDate "1997.11.17"]
[SourceVersion "1"]
[SourceVersionDate "1997.11.17"]
[SourceQuality "1"]

1. d4 Nf6 2. c4 g6 3. Nc3 Bg7 4. e4 d6 5. f4 c5 6. d5 e6 7. Nf3 exd5 8. cxd5 O-O 9. Be2 Re8 10. Nd2 Nbd7 11. O-O c4 12. a4 Nc5 13. Bf3 a6 14. a5 Rb8 15. e5 dxe5 16. fxe5 Nfd7 17. e6 fxe6 18. Nxc4 Qh4 19. dxe6 Qxc4 20. exd7 Qd4+ 21. Qxd4 Bxd4+ 22. Kh1 Bxd7 23. Bf4 Rbc8 24. Rad1 Bxc3 25. bxc3 Bc6 26. Bg4 Rcd8 27. Rxd8 Rxd8 28. Be3 h5 29. Bh3 Rd3 30. Bxc5 Rxh3 31. Bd4 Rh4 32. Kg1 Rg4 33. g3 Rg5 34. Rf6 Rxa5 35. Rxg6+ Kf7 36. Rg7+ Ke6 37. h4 Ra2 38. Rg5 a5 39. Rxh5 a4 40. Re5+ Kd6 41. Ra5 b5 42. h5 Rg2+ 43. Kf1 Rxg3 44. h6 Rh3 45. Bg7 Bd5 46. Rxb5 Bc4+ 47. Kg2 Bxb5 48. Kxh3 Bd3 49. c4 Kc5 1/2-1/2

[Event "Quebec op"]
[Site "Montreal CAN"]
[Date "1997.07.26"]
[Round "1"]
[White "Landry, Sylvain"]
[Black "Ibrahim, Anthony"]
[Result "0-1"]
[WhiteElo "1981"]
[BlackElo "2063"]
[PlyCount "76"]
[GameId "2160767911932285"]
[EventDate "1997.07.26"]
[EventType "swiss"]
[EventRounds "9"]
[EventCountry "CAN"]
[SourceTitle "EXT 97"]
[Source "ChessBase"]
[SourceDate "1997.11.17"]
[SourceVersion "1"]
[SourceVersionDate "1997.11.17"]
[SourceQuality "1"]

1. e4 c6 2. d4 d5 3. e5 Bf5 4. h4 h6 5. g4 Bh7 6. e6 fxe6 7. Bd3 Qd6 8. Bxh7 Rxh7 9. Qd3 Nf6 10. Qg6+ Kd8 11. Nf3 Nbd7 12. g5 Rh8 13. gxf6 exf6 14. Nc3 e5 15. Bd2 Nb6 16. O-O Rc8 17. Rfe1 e4 18. Nxe4 dxe4 19. Rxe4 Nd5 20. Rae1 Ne7 21. Qg2 g5 22. c4 Rg8 23. Re6 Qd7 24. hxg5 fxg5 25. Bb4 Nf5 26. c5 Be7 27. Ba5+ Ke8 28. Qg4 Rf8 29. Qh5+ Rf7 30. Qg6 Kf8 31. Ne5 Qe8 32. Nxf7 Qxf7 33. Qxf7+ Kxf7 34. Bc3 Bf6 35. R6e4 Rd8 36. Rg4 Ne7 37. Rge4 Nd5 38. R1e2 g4 0-1

[Event "Quebec op"]
[Site "Montreal CAN"]
[Date "1997.07.26"]
[Round "1"]
[White "Laurain, Guy"]
[Black "Mikanovic, Goran"]
[Result "1/2-1/2"]
[WhiteElo "2138"]
[BlackElo "2336"]
[PlyCount "89"]
[GameId "2160767911932286"]
[EventDate "1997.07.26"]
[EventType "swiss"]
[EventRounds "9"]
[EventCountry "CAN"]
[SourceTitle "EXT 97"]
[Source "ChessBase"]
[SourceDate "1997.11.17"]
[SourceVersion "1"]
[SourceVersionDate "1997.11.17"]
[SourceQuality "1"]

1. e4 c5 2. Nf3 e6 3. d4 cxd4 4. Nxd4 a6 5. Bd3 g6 6. O-O Bg7 7. Be3 Ne7 8. Nc3 Nbc6 9. Nf3 O-O 10. Qd2 d5 11. Bh6 d4 12. Bxg7 Kxg7 13. Ne2 e5 14. h3 f5 15. c3 dxc3 16. Qxc3 Qd6 17. Rad1 Qf6 18. Qc5 Be6 19. b3 Rad8 20. Bb1 Kh8 21. Nc3 Bg8 22. Rfe1 fxe4 23. Nxe4 Qg7 24. Rxd8 Rxd8 25. Nd6 b6 26. Qa3 Bd5 27. Be4 Nd4 28. Ng5 Bg8 29. Ndf7+ Bxf7 30. Qxe7 Rf8 31. Bb7 h6 32. Ne4 Bg8 33. Qxg7+ Kxg7 34. Bxa6 Ra8 35. Bc4 Bxc4 36. bxc4 Rxa2 37. Rb1 Rc2 38. Rxb6 Rxc4 39. Rb7+ Kf8 40. Nf6 Rc1+ 41. Kh2 Re1 42. Rd7 h5 43. Nh7+ Kg8 44. Nf6+ Kf8 45. Nh7+ 1/2-1/2

[Event "Quebec op"]
[Site "Montreal CAN"]
[Date "1997.07.26"]
[Round "1"]
[White "Leriche, Felix"]
[Black "Leger, Manon"]
[Result "1-0"]
[WhiteElo "2005"]
[BlackElo "1865"]
[PlyCount "41"]
[GameId "2160767911932287"]
[EventDate "1997.07.26"]
[EventType "swiss"]
[EventRounds "9"]
[EventCountry "CAN"]
[SourceTitle "EXT 97"]
[Source "ChessBase"]
[SourceDate "1997.11.17"]
[SourceVersion "1"]
[SourceVersionDate "1997.11.17"]
[SourceQuality "1"]

1. e4 e5 2. d4 exd4 3. Nf3 Nc6 4. Bc4 Nf6 5. O-O d6 6. Nxd4 Be7 7. Nc3 O-O 8. Nf5 Bxf5 9. exf5 Ne5 10. Bb3 Qd7 11. f4 Nc6 12. g4 d5 13. Nxd5 Rad8 14. Nxf6+ Bxf6 15. Qxd7 Rxd7 16. c3 Na5 17. Be3 Rd3 18. Bc5 Re8 19. Rae1 Rxe1 20. Rxe1 g6 21. Re8+ 1-0